| 000 | 00569nam a22002417a 4500 | ||
|---|---|---|---|
| 001 | 26521 | ||
| 003 | UA-OsUOA | ||
| 005 | 20220717142514.0 | ||
| 007 | ta | ||
| 008 | 20040607b un ||||| |||| 00| 0 ukr d | ||
| 040 |
_aUA-OsUOA _brus _cUA-OsUOA _dUA-OsUOA |
||
| 041 | _arus | ||
| 044 | _aRU | ||
| 080 | _a519.6 | ||
| 090 |
_a519.6 _bС54 |
||
| 100 | _aСоболь И. М. | ||
| 245 | _aЧисленные методы Монте-Карло | ||
| 260 |
_aМосква _bНаука _c1973 |
||
| 300 | _a311 с. | ||
| 650 | 7 | _2UDC | |
| 942 |
_cBK _2udc |
||
| 955 | _a0 | ||
| 999 |
_c312846 _d312846 |
||